Pop culture en images - X & Z - Statistiques

Statistiques générales
  • Ce quiz a été pris 191 fois
  • Le résultat moyen est 7 sur 16
Statistiques - réponses
Par images Réponse % Correct
Zorro
97%
Zootopie
92%
Princesse Zelda
91%
Zigzag
69%
Zenitsu Agatsuma
63%
X-Men Unlimited
47%
Xenomorph
45%
Xena, la guerrière
43%
Zoroark
41%
X-Drake
35%
Zamasu
31%
Xenoblade Chronicles
27%
Général Zod
16%
Xiangling
10%
Xenovia Quarta
4%
Xerxes
1%
Aucun quiz correspondant
Distribution des résultats
% des personnes avec chaque résultat
Percentile par nombre de réponses
Votre historique - résultats
Vous n’avez pas pris ce quiz